<?xml version="1.0" encoding="UTF-8"?>
<record
    xmlns:xsi="http://www.w3.org/2001/XMLSchema-instance"
    xsi:schemaLocation="http://www.loc.gov/MARC21/slim http://www.loc.gov/standards/marcxml/schema/MARC21slim.xsd"
    xmlns="http://www.loc.gov/MARC21/slim">

  <leader>00412nam a22001817a 4500</leader>
  <controlfield tag="008">250909b        |||||||| |||| 00| 0 eng d</controlfield>
  <datafield tag="020" ind1=" " ind2=" ">
    <subfield code="a">9789348385703</subfield>
  </datafield>
  <datafield tag="040" ind1=" " ind2=" ">
    <subfield code="a">30</subfield>
  </datafield>
  <datafield tag="082" ind1=" " ind2=" ">
    <subfield code="a">616.7 SHE</subfield>
  </datafield>
  <datafield tag="100" ind1=" " ind2=" ">
    <subfield code="a">SHENOY, K RAJGOPAL</subfield>
  </datafield>
  <datafield tag="110" ind1=" " ind2=" ">
    <subfield code="b">AYURVEDIC</subfield>
  </datafield>
  <datafield tag="245" ind1=" " ind2=" ">
    <subfield code="a">MANIPAL MANUL OF SURGERY VOL-1</subfield>
  </datafield>
  <datafield tag="250" ind1=" " ind2=" ">
    <subfield code="a">7TH </subfield>
  </datafield>
  <datafield tag="260" ind1=" " ind2=" ">
    <subfield code="a">NEW DELHI</subfield>
    <subfield code="b">CBS</subfield>
    <subfield code="c">2025</subfield>
  </datafield>
  <datafield tag="300" ind1=" " ind2=" ">
    <subfield code="a">670</subfield>
  </datafield>
  <datafield tag="650" ind1=" " ind2=" ">
    <subfield code="a">SURGERY</subfield>
  </datafield>
  <datafield tag="942" ind1=" " ind2=" ">
    <subfield code="c">01</subfield>
  </datafield>
  <datafield tag="999" ind1=" " ind2=" ">
    <subfield code="c">66147</subfield>
    <subfield code="d">66147</subfield>
  </datafield>
  <datafield tag="952" ind1=" " ind2=" ">
    <subfield code="0">0</subfield>
    <subfield code="1">0</subfield>
    <subfield code="2">ddc</subfield>
    <subfield code="4">0</subfield>
    <subfield code="6">616_700000000000000_SHE</subfield>
    <subfield code="7">0</subfield>
    <subfield code="9">549292</subfield>
    <subfield code="a">30</subfield>
    <subfield code="b">30</subfield>
    <subfield code="d">2025-09-03</subfield>
    <subfield code="e">R.LALL, MEERUT</subfield>
    <subfield code="l">0</subfield>
    <subfield code="o">616.7 SHE</subfield>
    <subfield code="p">30-B-8346</subfield>
    <subfield code="r">2025-09-09</subfield>
    <subfield code="w">2025-09-09</subfield>
    <subfield code="y">01</subfield>
  </datafield>
  <datafield tag="952" ind1=" " ind2=" ">
    <subfield code="0">0</subfield>
    <subfield code="1">0</subfield>
    <subfield code="2">ddc</subfield>
    <subfield code="4">0</subfield>
    <subfield code="6">616_700000000000000_SHE</subfield>
    <subfield code="7">0</subfield>
    <subfield code="9">549293</subfield>
    <subfield code="a">30</subfield>
    <subfield code="b">30</subfield>
    <subfield code="d">2025-09-03</subfield>
    <subfield code="e">R.LALL, MEERUT</subfield>
    <subfield code="l">1</subfield>
    <subfield code="o">616.7 SHE</subfield>
    <subfield code="p">30-B-8347</subfield>
    <subfield code="r">2026-02-14</subfield>
    <subfield code="s">2026-02-13</subfield>
    <subfield code="w">2025-09-09</subfield>
    <subfield code="y">01</subfield>
  </datafield>
  <datafield tag="952" ind1=" " ind2=" ">
    <subfield code="0">0</subfield>
    <subfield code="1">0</subfield>
    <subfield code="2">ddc</subfield>
    <subfield code="4">0</subfield>
    <subfield code="6">616_700000000000000_SHE</subfield>
    <subfield code="7">0</subfield>
    <subfield code="9">549294</subfield>
    <subfield code="a">30</subfield>
    <subfield code="b">30</subfield>
    <subfield code="d">2025-09-03</subfield>
    <subfield code="e">R.LALL, MEERUT</subfield>
    <subfield code="l">2</subfield>
    <subfield code="o">616.7 SHE</subfield>
    <subfield code="p">30-B-8348</subfield>
    <subfield code="r">2026-02-10</subfield>
    <subfield code="s">2026-02-10</subfield>
    <subfield code="w">2025-09-09</subfield>
    <subfield code="y">01</subfield>
  </datafield>
  <datafield tag="952" ind1=" " ind2=" ">
    <subfield code="0">0</subfield>
    <subfield code="1">0</subfield>
    <subfield code="2">ddc</subfield>
    <subfield code="4">0</subfield>
    <subfield code="6">616_700000000000000_SHE</subfield>
    <subfield code="7">0</subfield>
    <subfield code="9">549295</subfield>
    <subfield code="a">30</subfield>
    <subfield code="b">30</subfield>
    <subfield code="d">2025-09-03</subfield>
    <subfield code="e">R.LALL, MEERUT</subfield>
    <subfield code="l">1</subfield>
    <subfield code="o">616.7 SHE</subfield>
    <subfield code="p">30-B-8349</subfield>
    <subfield code="r">2026-02-13</subfield>
    <subfield code="s">2026-02-12</subfield>
    <subfield code="w">2025-09-09</subfield>
    <subfield code="y">01</subfield>
  </datafield>
  <datafield tag="952" ind1=" " ind2=" ">
    <subfield code="0">0</subfield>
    <subfield code="1">0</subfield>
    <subfield code="2">ddc</subfield>
    <subfield code="4">0</subfield>
    <subfield code="6">616_700000000000000_SHE</subfield>
    <subfield code="7">0</subfield>
    <subfield code="9">549296</subfield>
    <subfield code="a">30</subfield>
    <subfield code="b">30</subfield>
    <subfield code="d">2025-09-03</subfield>
    <subfield code="e">R.LALL, MEERUT</subfield>
    <subfield code="l">1</subfield>
    <subfield code="o">616.7 SHE</subfield>
    <subfield code="p">30-B-8350</subfield>
    <subfield code="r">2026-02-04</subfield>
    <subfield code="s">2026-02-04</subfield>
    <subfield code="w">2025-09-09</subfield>
    <subfield code="y">01</subfield>
  </datafield>
</record>
